|
|
|
|
| LEADER |
00000nam a22000007a 4500 |
| 005 |
20141114150415.0 |
| 007 |
cr|||| |||| |
| 008 |
141114c20079999us |||| s|||| 0|||a1eng d |
| 035 |
|
|
|a 4396
|
| 040 |
|
|
|a vLex
|
| 090 |
|
|
|c 5291
|d 5291
|
| 245 |
0 |
0 |
|a La Raza; Chicago
|h [Recurso electrn̤ico]
|
| 256 |
|
|
|a Servicio en ln̕ea
|
| 260 |
|
|
|a New York:
|b CPK Operating Company, LLC,
|c 2007 -
|
| 300 |
|
|
|a 1 recurso electrn̤ico
|
| 362 |
|
|
|a Nm︢. 1 (2007) -
|
| 506 |
1 |
|
|a Contenido disponible en los productos indicados
|d vLex Global
|d vLex Global (Academic Edition, excluding Law Schools)
|d vLex Global (U.S. Academic Edition, excluding Law Schools)
|
| 650 |
0 |
4 |
|a Perid̤icos
|z Estados Unidos
|
| 740 |
0 |
|
|a vLex Revistas (Servicio en ln̕ea)
|
| 856 |
4 |
0 |
|u http://vlex.com/source/raza-chicago-4396/
|z Acceso restringido
|
| 942 |
|
|
|c REV
|
| 999 |
0 |
|
|a Newspapers
|